| 000 | 01483nam a22002657a 4500 | ||
|---|---|---|---|
| 001 | 8911 | ||
| 003 | FISKH | ||
| 005 | 20251031102940.0 | ||
| 008 | 251031b cb ||||| |||| 00| 0 eng d | ||
| 020 | _a9781408110669 | ||
| 040 |
_aFISKH _beng _cFISKH _dFISKH |
||
| 050 | _aPZ7 | ||
| 082 | _a370.15 | ||
| 100 |
_aPotter, Molly _eAuthor |
||
| 245 |
_aEven more outside the box / _cMolly Potter |
||
| 260 |
_aLondon : _bA&C Black , _c2010 |
||
| 300 |
_a64 pages : _billustrations ; _c30 cm |
||
| 505 | _aP | ||
| 520 | _aThis photocopiable book is full of innovative, user friendly, exciting and unusual activities that promote creative thinking and problem solving skills for 7-9 year olds. The activities in this exciting new title in the Outside the Box series are ideal for less intensive teaching times across the school year - at the beginning of term when a teacher wants to get to know the class or just when a teacher wants to do 'something different' to make pupils think 'outside the box'. The challenges make a fun change from the strictly subject-based lessons and would be ideal for substitute teachers as well. All the activities have been tried and tested in the classroom many times by the author who is an experienced teacher. If you liked the orginal Outside the Box, then this will not disappoint! | ||
| 521 | 8 |
_a600
_bLexile estimate |
|
| 521 | 8 |
_aP
_bRaz-Plus |
|
| 650 |
_aEducation _vThing outside the box |
||
| 942 |
_2ddc _cBK _n0 |
||
| 999 |
_c8911 _d8911 |
||